• 首页
  • 本馆介绍
  • 公告通知
  • 最新文献
  • 馆藏检索
  • 电子资源
  • 读者导购
  • 参考咨询
  • 我的图书馆
  • 登录
  • 详细信息显示
  • 放入我的书架
  • 预约/预借图书
  • 作者相关作品
  • 分类相关作品
  • 丛书相关作品
  • 出版社相关作品

书目信息

  • 表格格式
  • 工作单格式
  • 卡片格式
题名:
中国古代美学艺术论文集
    
 
作者: 蒋孔阳 主编 ;复旦大学中文系文艺理论教研室 编辑
分册:  
出版信息: 上海   上海古籍出版社  1981
页数: 388页
开本: 21cm
丛书名:
单 册:
中图分类: J0-53 , I207
科图分类:
主题词: 艺术美学--中国--古代--文集 , 文学--中国
电子资源:
ISBN:
000 00783nam0 2200241 450
001 1571515997
005 20150123195216.73
091    @a10186.242@dCNY1.20
100    @a20120905d1981 em y0chiy0121 ea
101 0  @achi
102    @aCN@b310000
105    @ay z 000yy
200 1  @a中国古代美学艺术论文集@9zhong guo gu dai mei xue yi shu lun wen ji@f复旦大学中文系文艺理论教研室编辑@g蒋孔阳主编
210    @a上海@c上海古籍出版社@d1981
215    @a388页@d21cm
606 0  @a艺术美学@y中国@z古代@x文集
606 0  @a文学@x中国
690    @aJ0-53@v5
690    @aI207@v4
701  0 @a蒋孔阳@9jiang kong yang@4主编
711 02 @a复旦大学中文系文艺理论教研室@9fu dan da xue zhong wen xi wen yi li lun jiao yan shi@4编辑
801  0 @aCN@bTSSF@c20150123
905    @aZUCC@dI207@eJY86
    
    中国古代美学艺术论文集/复旦大学中文系文艺理论教研室编辑/蒋孔阳主编.-上海:上海古籍出版社,1981
    388页;21cm
    
    
    ISBN :
    
●
相关链接 在E读中查询图书 在五车中查询图书 在当当中查询图书 在豆瓣中查询图书


正题名:中国古代美学艺术论文集     索取号:I207/JY86         预约/预借

序号 登录号 条形码 馆藏地/架位号 状态 备注
1 7843998   278439986   学院路分馆/ [索取号:I207/JY86] 在馆    
唐山师范学院图书馆 欢迎您!
大连网信软件有限公司© 版权所有